तुलसी का काव्यदर्शन : (Record no. 117975)

MARC details
000 -LEADER
fixed length control field 01378nam a22002657a 4500
005 - DATE AND TIME OF LATEST TRANSACTION
control field 20170124103104.0
010 ## - LIBRARY OF CONGRESS CONTROL NUMBER
LC control number A-472683
020 ## - INTERNATIONAL STANDARD BOOK NUMBER
Terms of availability 40.00
035 ## - SYSTEM CONTROL NUMBER
System control number A-472683
037 ## - SOURCE OF ACQUISITION
Source of stock number/acquisition Cen Lib/Ret
040 ## - CATALOGING SOURCE
Original cataloging agency DPL
Language of cataloging HN
082 ## - DEWEY DECIMAL CLASSIFICATION NUMBER
Classification number 821.08
Item number गुप्तसु
100 ## - MAIN ENTRY--PERSONAL NAME
Personal name गुप्त, सुरेशचन्द्र
9 (RLIN) 130
245 ## - TITLE STATEMENT
Title तुलसी का काव्यदर्शन :
Statement of responsibility, etc सुरेशचन्द्र गुप्त
Remainder of title गोस्वामी तुलसीदास की काव्यशास्त्रज्ञता और आलोचकीय समझ का विश्लेषण /
246 ## - VARYING FORM OF TITLE
Title proper/short title Tulsi ka kavyadarshan : Goswami Tulsidas ki kavyashatrigyata or alochiya samajh ka vishleshan /
Remainder of title by Sureshchndra Gupt
260 ## - PUBLICATION, DISTRIBUTION, ETC. (IMPRINT)
Place of publication, distribution, etc दिल्ली
Name of publisher, distributor, etc पराग प्रकाशन
Date of publication, distribution, etc 1990
270 ## - ADDRESS
City दिल्ली
Address 3/114 कर्ण गली, विश्वास नगर, शाहदरा
Postal code 110032
300 ## - PHYSICAL DESCRIPTION
Extent 95पृ.
Dimensions 20सेमी(सजिल्द )
500 ## - GENERAL NOTE
General note सन्दर्भ शामिल
650 ## - SUBJECT ADDED ENTRY--TOPICAL TERM
Topical term or geographic name as entry element साहित्य--कविता
General subdivision
9 (RLIN) 77763
650 ## - SUBJECT ADDED ENTRY--TOPICAL TERM
Topical term or geographic name as entry element हिंदी--कविता
9 (RLIN) 77764
650 ## - SUBJECT ADDED ENTRY--TOPICAL TERM
Topical term or geographic name as entry element Literature--Poetry
9 (RLIN) 77765
650 ## - SUBJECT ADDED ENTRY--TOPICAL TERM
Topical term or geographic name as entry element Hindi--poetry
9 (RLIN) 77766
942 ## - ADDED ENTRY ELEMENTS (KOHA)
Source of classification or shelving scheme Dewey Decimal Classification
Koha item type Hindi Books
Classification part 821.08
Call number suffix गुप्तसु
Holdings
Withdrawn status Lost status Damaged status Not for loan Home library Current library Date acquired Source of acquisition Cost, normal purchase price Total Checkouts Full call number Barcode Date last seen Date checked out Copy number Cost, replacement price Price effective from Koha item type
        Central Library Central Library 09/09/2015 Cen Lib/Ref 40.00 1 821.08 गुप्तसु A-472683 24/11/2018 10/11/2018 1 40.00 09/09/2015 Hindi Books

© Delhi Public Library
Hit Counter
free hit counter